Car Manufacturers - Old Logos - Statistics

General Stats
  • This quiz has been taken 124 times
  • The average score is 6 of 17
Answer Stats
Picture Answer % Correct
Porsche - 1922
88%
Citroen - 1919
64%
FIAT - 1982
60%
Alfa Romeo - 1910
45%
Peugeot - 1847
45%
McLaren - 1963
38%
Aston Martin - 1921
31%
Skoda - 1895
31%
KIA - 1964
24%
Toyota - 1949
24%
Daewoo - 1967
23%
BMW - 1913
21%
Hyundai - 1969
18%
Opel - 1862
18%
Mazda - 1920
14%
Renault - 1906
14%
Dacia - 1966
11%
No matching quizzes found
Score Distribution
Percent of People with Each Score
Percentile by Number Answered
Your Score History
You have not taken this quiz